| 000 | 00630 a2200205 4500 | ||
|---|---|---|---|
| 020 | _a0-674-12770-6 | ||
| 020 | _a0-674-12771-4 | ||
| 040 |
_aDLC _bDLC |
||
| 082 | _a300 | ||
| 082 | _a300 | ||
| 100 | 1 | _aSchelling, Thomas C., | |
| 245 | 0 | 0 |
_aChoice and consequence _cThomas C. Schelling |
| 260 |
_aCambridge, Mass. : _bHarvard U.P., _c1984 |
||
| 300 | _a363 s. | ||
| 650 | 0 |
_aSocial sciences _xAddresses, essays, lectures |
|
| 650 | 0 |
_aEconomics _xAddresses, essays, lectures |
|
| 650 | 0 |
_aSocial problems _xAddresses, essays, lectures |
|
| 650 | 0 |
_aChoice (Psychology) _xAddresses, essays, lectures |
|
| 942 |
_cBK _k300 SCH _2ddc |
||
| 999 |
_c7153 _d7153 |
||